| 000 | 00705nam a22002297a 4500 | ||
|---|---|---|---|
| 005 | 20170124105925.0 | ||
| 010 | _aA-227230 | ||
| 020 | _c250.00 | ||
| 035 | _aA-227230 | ||
| 037 | _bCen Lib/Ret | ||
| 040 |
_aDPL _bEN |
||
| 082 |
_a020 _bKHA |
||
| 100 |
_aKhanna, J. K. _96029 |
||
| 245 |
_aAdvances in librarianship / _cby J. K. Khanna |
||
| 260 |
_aNew Delhi _bEss Ess Publications _c1985 |
||
| 270 |
_a4837/24, Ansari Road _bNew Delhi _e110002 |
||
| 300 |
_axiv,437p. _c21cm(Hb) |
||
| 500 | _aIncludes bibliographical references and index | ||
| 650 |
_aLibrary science -- Periodicals _973018 |
||
| 650 |
_aLibrary Surveys -- Periodicals _973019 |
||
| 942 |
_2ddc _cEN _h020 _mKHA |
||
| 999 |
_c123428 _d123428 |
||